000 00474nam a2200181Ia 4500
008 090124s9999 xx 000 0 und d
082 _b120510
100 _aहरकारे अरुण
245 _a काळसर्प
250 _a1
260 _c1984
300 _a195
600 _aहरकारे अरुण
630 _a काळसर्प
700 _aहरकारे अरुण
730 _a काळसर्प
942 _cBOOK
999 _c166596
_d166596